| 000 | 00444nam a22001217a 4500 | ||
|---|---|---|---|
| 082 | _aTHE 200 | ||
| 100 |
_aNAVEED RIAZ _914846 |
||
| 245 | _aTH-SOF-0977-MODELING, SIMULATION & OPERATIONAL DATA ANALYSIS OF COMPACT GLOBOID WORM GEAR DRIVE FOR A SLEWING DRIVE ACTUATOR (SLEWING MOTION MECHANISM) | ||
| 260 |
_aNUST COLLEGE OF EME _bISLAMABAD _c2001 |
||
| 650 |
_aMS-MTS-66 MSTHESIS _970400 |
||
| 700 |
_aDR KUNWAR FARAZ AHMED _931660 |
||
| 942 | _cCF | ||
| 999 |
_c578645 _d578645 |
||